[Event "EU Union-ch U14"]
[Site "Pec pod Snezkou"]
[Date "2022.08.28"]
[Round "7"]
[White "Balazs, Sztella Anna"]
[Black "Skutil, Frantisek Elias"]
[Result "1-0"]
[WhiteElo "1663"]
[BlackElo "1514"]
[PlyCount "33"]
[EventDate "2022.08.22"]
[EventType "swiss"]
[EventRounds "9"]
[EventCountry "CZE"]
[SourceTitle "EXT 2023"]
[Source "ChessBase"]
[SourceDate "2022.10.05"]
[SourceVersion "1"]
[SourceVersionDate "2022.10.05"]
[SourceQuality "1"]

1. e4 c5 2. Nf3 d6 3. d4 cxd4 4. Nxd4 Nf6 5. Nc3 g6 6. Be3 Bg7 7. f3 0-0 8. Qd2 Nc6 9. 0-0-0 Bd7 10. g4 h5 11. gxh5 Nxh5 12. Qg2 Nxd4 13. Bxd4 Bxd4 14. Rxd4 Bc6 15. Bc4 Qd7 16. Qxg6+ Ng7 17. Rg1 1-0

[Event "EU Union-ch U14"]
[Site "Pec pod Snezkou"]
[Date "2022.08.27"]
[Round "6"]
[White "Skutil, Frantisek Elias"]
[Black "Hetfleischova, Elen"]
[Result "1/2-1/2"]
[WhiteElo "1514"]
[BlackElo "1352"]
[PlyCount "60"]
[EventDate "2022.08.22"]
[EventType "swiss"]
[EventRounds "9"]
[EventCountry "CZE"]
[SourceTitle "EXT 2023"]
[Source "ChessBase"]
[SourceDate "2022.10.05"]
[SourceVersion "1"]
[SourceVersionDate "2022.10.05"]
[SourceQuality "1"]

1. e4 e5 2. Nf3 Nc6 3. Bb5 a6 4. Ba4 b5 5. Bb3 Nf6 6. 0-0 Bc5 7. d3 0-0 8. c3 d6 9. h3 h6 10. Be3 Bb6 11. Nbd2 Bxe3 12. fxe3 Na5 13. Bc2 c5 14. d4 exd4 15. exd4 Ra7 16. Qe2 Re7 17. Rae1 Qc7 18. Qd1 Rfe8 19. Rf2 Bb7 20. Rfe2 Nc6 21. d5 Ne5 22. Nxe5 Rxe5 23. Nf3 R5e7 24. Qd3 c4 25. Qd2 Nd7 26. Nd4 Nc5 27. Re3 Re5 28. Nf5 Bc8 29. g4 Bxf5 30. gxf5 f6 1/2-1/2

[Event "EU Union-ch U14"]
[Site "Pec pod Snezkou"]
[Date "2022.08.22"]
[Round "1"]
[White "Page, Noah"]
[Black "Skutil, Frantisek Elias"]
[Result "1-0"]
[WhiteElo "1992"]
[BlackElo "1514"]
[PlyCount "113"]
[EventDate "2022.08.22"]
[EventType "swiss"]
[EventRounds "9"]
[EventCountry "CZE"]
[SourceTitle "EXT 2023"]
[Source "ChessBase"]
[SourceDate "2022.10.05"]
[SourceVersion "1"]
[SourceVersionDate "2022.10.05"]
[SourceQuality "1"]

1. e4 c5 2. c3 d5 3. exd5 Qxd5 4. d4 cxd4 5. cxd4 Nc6 6. Nf3 e6 7. Nc3 Bb4 8. a3 Bxc3+ 9. bxc3 Nf6 10. Bd3 0-0 11. 0-0 Rd8 12. Bg5 h6 13. Bxf6 gxf6 14. Qd2 Kg7 15. Rab1 a6 16. Rfd1 b5 17. Qe3 Bd7 18. Nd2 f5 19. Nf1 Ne7 20. Ng3 Qd6 21. a4 Nd5 22. Qd2 Rac8 23. Rbc1 Rc7 24. axb5 axb5 25. Rc2 Rdc8 26. Rdc1 Qa3 27. c4 bxc4 28. Bxc4 Qa4 29. Bd3 Qxd4 30. Nh5+ Kg8 31. Rxc7 Rxc7 32. Rxc7 Nxc7 33. Qxh6 Nd5 34. Qg5+ Kh8 35. Bf1 Ba4 36. h3 Bd1 37. Ng3 Qg7 38. Qd8+ Kh7 39. Nxf5 exf5 40. Qxd5 Bc2 41. Bc4 f6 42. Qf3 Qg6 43. Qb7+ Kh6 44. Bd5 Qg5 45. Qb4 Qc1+ 46. Kh2 Qg5 47. h4 Qg6 48. Qd2+ f4 49. Qxf4+ Kh7 50. Qc7+ Kh6 51. Qc8 Qh7 52. Qe6 Qg6 53. Qe3+ Kh7 54. g3 Bf5 55. Qe7+ Kh6 56. Bf3 Bc2 57. Qc5 1-0

[Event "CZE-ch U14"]
[Site "Herlikovice"]
[Date "2021.10.24"]
[Round "2"]
[White "Skutil, Frantisek Elias"]
[Black "Pressler, Tobias"]
[Result "0-1"]
[WhiteElo "1392"]
[BlackElo "1792"]
[PlyCount "116"]
[EventDate "2021.10.23"]
[EventType "swiss"]
[EventRounds "9"]
[EventCountry "CZE"]
[SourceTitle "EXT 2023"]
[Source "ChessBase"]
[SourceDate "2022.10.05"]
[SourceVersion "1"]
[SourceVersionDate "2022.10.05"]
[SourceQuality "1"]

1. e4 c5 2. Nf3 Nc6 3. d4 cxd4 4. Nxd4 Nf6 5. Nc3 g6 6. Nxc6 bxc6 7. e5 Ng8 8. Bc4 Bg7 9. Qf3 e6 10. Bf4 Ne7 11. 0-0 0-0 12. Ne4 Qb6 13. Nf6+ Kh8 14. Qh3 h5 15. Bg5 Qd4 16. Nxh5 gxh5 17. Qxh5+ Kg8 18. Bxe7 Qxc4 19. Bxf8 Kxf8 20. c3 Ba6 21. Rfd1 Ke8 22. Rd4 Qb5 23. Rad1 Qxe5 24. Qxe5 Bxe5 25. Rxd7 Be2 26. R1d2 Bf4 27. R2d4 c5 28. Rxf4 Kxd7 29. Rxf7+ Kd6 30. b3 a5 31. Rf4 Ke5 32. Rh4 Rd8 33. f3 Bb5 34. Re4+ Kf6 35. c4 Bc6 36. Re2 Rd4 37. Kf2 a4 38. Rb2 Be8 39. g4 axb3 40. axb3 Bc6 41. Re2 e5 42. Ra2 Kg5 43. Ra5 Kf4 44. Ra6 Rd2+ 45. Ke1 Rd6 46. Kf2 Rh6 47. h4 e4 48. fxe4 Kxg4 49. e5 Re6 50. h5 Kf4 51. Rb6 Kxe5 52. Ke3 Kd6+ 53. Kd2 Kc7 54. Ra6 Rh6 55. Kc3 Rxh5 56. Kb2 Rh2+ 57. Kc3 Be4 58. Re6 Rc2# 0-1

[Event "CZE-ch U14"]
[Site "Herlikovice"]
[Date "2021.10.23"]
[Round "1"]
[White "Jakubec, Vit"]
[Black "Skutil, Frantisek Elias"]
[Result "0-1"]
[WhiteElo "1043"]
[BlackElo "1392"]
[PlyCount "93"]
[EventDate "2021.10.23"]
[EventType "swiss"]
[EventRounds "9"]
[EventCountry "CZE"]
[SourceTitle "EXT 2023"]
[Source "ChessBase"]
[SourceDate "2022.10.05"]
[SourceVersion "1"]
[SourceVersionDate "2022.10.05"]
[SourceQuality "1"]

1. e4 c5 2. Nc3 d6 3. d3 Nf6 4. Be2 e6 5. Nf3 Be7 6. 0-0 Nc6 7. d4 cxd4 8. Nxd4 Bd7 9. f4 Qb6 10. Be3 Qxb2 11. Qd2 Nxd4 12. Bxd4 Qb4 13. Rab1 Qa5 14. Rfd1 Bc6 15. Bf3 0-0 16. Rb2 Qc7 17. Qe2 b6 18. e5 Bxf3 19. Qxf3 dxe5 20. Bxe5 Qc5+ 21. Kh1 Rad8 22. Rbb1 Nd5 23. Nxd5 exd5 24. Qe2 Qc4 25. Qxc4 dxc4 26. Rxd8 Rxd8 27. g3 Rd2 28. Bb8 Rxc2 29. Bxa7 Rxa2 30. Bxb6 Bf6 31. Bd4 Kf8 32. Bxf6 gxf6 33. Rc1 Ra4 34. Rc2 Ke7 35. Kg2 Kd6 36. Kf2 Kc5 37. Ke2 Ra3 38. g4 Kd4 39. f5 c3 40. h3 Rb3 41. h4 Rb2 42. Kd1 Rxc2 43. Kxc2 Kc4 44. Kc1 Kd3 45. Kd1 c2+ 46. Kc1 h6 47. h5 0-1

[Event "EU Union-ch U14"]
[Site "Kouty nad Desnou"]
[Date "2021.08.14"]
[Round "1.7"]
[White "Lang, Simon"]
[Black "Skutil, Frantisek Elias"]
[Result "1-0"]
[WhiteElo "1795"]
[BlackElo "1435"]
[PlyCount "64"]
[EventDate "2021.08.14"]
[EventType "swiss"]
[EventRounds "9"]
[EventCountry "CZE"]
[SourceTitle "EXT 2022"]
[Source "ChessBase"]
[SourceDate "2021.10.06"]
[SourceVersion "1"]
[SourceVersionDate "2021.10.06"]
[SourceQuality "1"]

1. e4 c5 2. Nf3 d6 3. d4 cxd4 4. Nxd4 Nf6 5. Nc3 g6 6. Be3 Bg7 7. Bc4 0-0 8. f3 Nc6 9. Bb3 Bd7 10. Qd2 Rc8 11. 0-0-0 Ne5 12. g4 h5 13. gxh5 Nxh5 14. Bh6 Nc4 15. Bxc4 Rxc4 16. Bxg7 Kxg7 17. Nf5+ Bxf5 18. exf5 Rf4 19. fxg6 fxg6 20. Ne4 Qb6 21. Qc3+ Kh6 22. Rhf1 Qa6 23. h4 Rxh4 24. Rg1 Nf4 25. Qe1 Rh5 26. Kb1 Qe2 27. Qg3 Qh2 28. Qe1 Qe2 29. Qc3 Nd5 30. Qd4 Nf4 31. Ng3 Qxf3 32. Nxh5 Qxh5 1-0

[Event "EU Union-ch U12"]
[Site "Kouty nad Desnou"]
[Date "2019.08.22"]
[Round "7"]
[White "Arshinkova, Boryana"]
[Black "Skutil, Frantisek Elias"]
[Result "1/2-1/2"]
[WhiteElo "1383"]
[BlackElo "1236"]
[PlyCount "160"]
[EventDate "2019.08.16"]
[EventType "swiss"]
[EventRounds "9"]
[EventCountry "CZE"]
[SourceTitle "EXT 2020"]
[Source "ChessBase"]
[SourceDate "2019.10.17"]
[SourceVersion "1"]
[SourceVersionDate "2019.10.17"]
[SourceQuality "1"]

1. e4 c5 2. Nf3 g6 3. d4 cxd4 4. Nxd4 Nc6 5. Nc3 Bg7 6. Be3 d6 7. Bc4 Nf6 8. f3 Bd7 9. Qd2 0-0 10. 0-0-0 Rc8 11. Bb3 Ne5 12. Bh6 Qb6 13. Bxg7 Kxg7 14. h4 Nc4 15. Bxc4 Rxc4 16. Nb3 Rfc8 17. g4 a5 18. h5 a4 19. hxg6 fxg6 20. Qh6+ Kg8 21. g5 Nh5 22. Rxh5 gxh5 23. g6 hxg6 24. Qxg6+ Kf8 25. Rg1 Qxg1+ 26. Qxg1 axb3 27. axb3 R4c5 28. Qd4 Be6 29. b4 R5c7 30. Qh8+ Bg8 31. Qh6+ Ke8 32. Qxh5+ Bf7 33. Qh3 Kd8 34. Kb1 Ke8 35. f4 Kd8 36. Qh8+ Be8 37. Qf8 Rd7 38. Nd5 Rb8 39. Nb6 Rc7 40. b5 Rc5 41. Nd5 Rxd5 42. exd5 Rc8 43. b3 Rc3 44. Kb2 Rh3 45. c4 Rh7 46. Qf5 Rf7 47. Qe4 Rf6 48. Ka3 Bd7 49. b4 Bf5 50. Qe3 Bc8 51. c5 dxc5 52. bxc5 Rf5 53. c6 bxc6 54. Qb6+ Ke8 55. Qxc6+ Bd7 56. Qa8+ Kf7 57. Qb8 Rxd5 58. b6 Ra5+ 59. Kb4 Rb5+ 60. Kc3 Rc5+ 61. Kd4 Rc8 62. Qa7 Bc6 63. b7 Bxb7 64. Qxb7 Rd8+ 65. Ke5 Rd6 66. f5 Rd2 67. Qb3+ Kf8 68. Qg3 Re2+ 69. Kf4 Rd2 70. Qh3 Rd6 71. Kg5 Rb6 72. Qe3 Rf6 73. Qd3 Rd6 74. Qc3 Rb6 75. Qc7 Rf6 76. Qd8+ Kf7 77. Qh8 Rd6 78. Qh7+ Kf8 79. f6 Rxf6 80. Qe4 Rd6 1/2-1/2